[Event "North Island-ch"]
[Site "Auckland"]
[Date "2022.07.15"]
[Round "4"]
[White "Lau, Brillion Yan Jr"]
[Black "De Maupeou D'Ableiges, Alexandre"]
[Result "0-1"]
[WhiteElo "1270"]
[BlackElo "1532"]
[PlyCount "52"]
[EventDate "2022.07.14"]
[EventType "swiss"]
[EventRounds "9"]
[EventCountry "NZL"]
[SourceTitle "EXT 2024"]
[Source "ChessBase"]
[SourceDate "2023.10.10"]
[SourceVersion "1"]
[SourceVersionDate "2023.10.10"]
[SourceQuality "1"]

1. d4 f5 2. c4 Nf6 3. Nc3 g6 4. f3 Bg7 5. e4 d6 6. Bd3 e6 7. Nge2 0-0 8. 0-0 Nc6 9. Be3 e5 10. d5 Ne7 11. h3 f4 12. Bf2 g5 13. Re1 Ng6 14. Kf1 h5 15. Ng1 g4 16. hxg4 hxg4 17. fxg4 Nxg4 18. Nf3 Ne3+ 19. Bxe3 fxe3 20. Rxe3 Nh4 21. Be2 Qg5 22. Rd3 Bh6 23. Ke1 Qg3+ 24. Kf1 Qxg2+ 25. Ke1 Qg3+ 26. Kf1 Bh3# 0-1

[Event "North Island-ch"]
[Site "Auckland"]
[Date "2022.07.14"]
[Round "1"]
[White "Ha, Huy Minh"]
[Black "Lau, Brillion Yan Jr"]
[Result "1-0"]
[WhiteElo "1615"]
[BlackElo "1270"]
[PlyCount "75"]
[EventDate "2022.07.14"]
[EventType "swiss"]
[EventRounds "9"]
[EventCountry "NZL"]
[SourceTitle "EXT 2024"]
[Source "ChessBase"]
[SourceDate "2023.10.10"]
[SourceVersion "1"]
[SourceVersionDate "2023.10.10"]
[SourceQuality "1"]

1. d4 c5 2. d5 d6 3. Nc3 Nf6 4. e4 g6 5. Nf3 Bg7 6. Be2 0-0 7. 0-0 a6 8. a4 Nbd7 9. h3 Qc7 10. Nd2 b6 11. Ra3 Bb7 12. Bc4 Ne5 13. Ba2 Rfb8 14. f4 Ned7 15. Bc4 Qd8 16. Nf3 Ne8 17. Qe1 h6 18. e5 dxe5 19. fxe5 Nf8 20. Bf4 Nc7 21. e6 f6 22. Qg3 Rc8 23. Rb3 Ne8 24. d6 g5 25. Bxg5 fxg5 26. d7 Rc6 27. dxe8Q Qxe8 28. Bd5 Nxe6 29. Qg4 Bc8 30. Qe4 Bd7 31. Bxc6 Bxc6 32. Qxe6+ Kh8 33. Ne5 Bxe5 34. Qxe5+ Kh7 35. Qe6 Bd7 36. Rf7+ Kg8 37. Qg6+ Kh8 38. Rh7# 1-0